Raindrops detection in images

Enregistré dans:
Détails bibliographiques
Auteur principal: Cenknerová, Nikola (Auteur)
Autres auteurs: Malkin Ondik, Irina (Directeur de thèse)
Format: Manuscrit Livre
Langue:slovaque
anglais
Publié: 2024
Sujets:
Accès en ligne:http://is.stuba.sk/zp/portal_zp.pl?podrobnosti=162625
Tags: Ajouter un tag
Pas de tags, Soyez le premier à ajouter un tag!

MARC

LEADER 00000ntm a22000003a 4500
001 stuzp92410
003 SK-STU
005 20240615210317.6
007 ta
008 150427s2015----xo-----f-mn---000-0-slo-d
040 |a STU  |b slo 
041 0 |a eng 
100 1 |a Cenknerová, Nikola  |u 070400  |4 aut  |U FIIT Fakulta informatiky a informačných technológií  |T FIIT Ústav počítačového inžinierstva a aplikovanej informatiky  |X 110775  |U I400  |Y 672  |7 110775 
242 0 1 |a Rozoznávanie kvapiek na kamerových obrázkoch  |y slo 
245 1 0 |a Raindrops detection in images 
260 |c 2024 
650 4 |a kvapky  |2 slo 
650 4 |a hlboké neurónové siete  |2 slo 
650 4 |a YOLO  |2 slo 
650 4 |a detekcia objektov  |2 slo 
650 4 |a raindrops  |2 eng 
650 4 |a object detection  |2 eng 
650 4 |a YOLO  |2 eng 
650 4 |a deep neural networks  |2 eng 
700 1 |a Malkin Ondik, Irina  |4 ths  |X 77701  |7 77701 
856 4 |u http://is.stuba.sk/zp/portal_zp.pl?podrobnosti=162625